000
00238nam a22000977a 4500
999
_c
264419
_d
264418
020
_a
9780545509138
100
_a
Paula Harrison
245
_a
The Rescue Princesses: The Secret Promise
260
_a
New York
_b
Scholastic
_c
2012
942
_c
BK